| Tag |
First Indicator |
Second Indicator |
Subfields |
| LEADER |
00000cam a2200000 a 4500 |
| 001 |
in00000015416 |
| 005 |
20151007053046.0 |
| 008 |
870402s1987 enka b 00110 eng |
| 010 |
|
|
|a 87011043
|
| 020 |
|
|
|a 0719017149
|
| 035 |
|
|
|a (OCoLC)15550763
|
| 035 |
|
|
|9 AAB0245AM
|
| 040 |
|
|
|a DLC
|c DLC
|d TXA
|d UtOrBLW
|
| 043 |
|
|
|a e-uk-en
|
| 049 |
|
|
|a TXAM
|c [A11081121]
|
| 050 |
0 |
0 |
|a HE945.M49
|b V55 1987
|
| 082 |
0 |
|
|a 387.5/065/41
|2 19
|
| 100 |
1 |
|
|a Ville, Simon P.
|
| 245 |
1 |
0 |
|a English shipowning during the industrial revolution :
|b Michael Henley and Son, London shipowners, 1770-1830 /
|c Simon P. Ville.
|
| 264 |
|
1 |
|a Manchester, UK ;
|a Wolfeboro, NH, USA :
|b Manchester University Press,
|c [1987]
|
| 264 |
|
4 |
|c ©1987
|
| 300 |
|
|
|a x, 192 pages :
|b illustrations ;
|c 23 cm.
|
| 336 |
|
|
|a text
|b txt
|2 rdacontent
|
| 337 |
|
|
|a unmediated
|b n
|2 rdamedia
|
| 338 |
|
|
|a volume
|b nc
|2 rdacarrier
|
| 500 |
|
|
|a Based on the author's thesis (Ph. D.)--London University, 1984?
|
| 504 |
|
|
|a Bibliography: pages [183]-186.
|
| 500 |
|
|
|a Includes index.
|
| 610 |
2 |
0 |
|a Michael Henley and Son
|x History.
|
| 650 |
|
0 |
|a Shipping
|z England
|x History.
|
| 999 |
|
|
|a MARS
|
| 999 |
f |
f |
|s a6c6b4ab-bd1e-340b-b102-8d625787c6e1
|i 2869f043-a2ca-324d-abd7-623f8e3b4a66
|t 0
|
| 952 |
f |
f |
|p ric
|a Texas A&M University
|b Rellis Campus
|c Joint Library Facility
|d Remote Storage
|t 0
|e HE945.M49 V55 1987
|h Library of Congress classification
|i unmediated -- volume
|m A14811081121
|
| 998 |
f |
f |
|a HE945.M49 V55 1987
|t 0
|l Remote Storage
|